Asian Countries by Etymology - Statistics

General Stats
  • This quiz has been taken 558 times
  • The average score is 31 of 48
Answer Stats
Name Meaning Country % Correct
"Land of the Malays" Malaysia
97%
"Land of the Mongols" in Latin Mongolia
97%
"Land of the Turkmen" Turkmenistan
97%
"Land of the Lao" Laos
95%
"The islands of Philip" Philippines
94%
Its name derives from the Indus River India
93%
Likely comes from Pliny the Elder's "Omana" Oman
92%
One theory is that the name comes from "Qin" China
90%
Derivation of Greek for "Indian islands" Indonesia
90%
"Land of the Afghans" Afghanistan
89%
"The land of the Turks" Turkey
89%
It might come from "inhabitant of Arme" Armenia
87%
"Land of Bengal" Bangladesh
87%
Comes from the ancient Greek name for the Assyrians Syria
85%
"East East" - one word is from Malay Timor Leste
84%
Anglicized form of "Kampuchea" Cambodia
82%
May come from the Sanskrit word for "garland of islands" Maldives
82%
Its name could mean "south" in Arabic Yemen
81%
"The origin of the Sun" Japan
79%
"Lion City" Singapore
79%
"End of Tibet" Bhutan
76%
Named for its southern location in the ancient kingdom of Goguryeo South Korea
74%
"The land of Aryans" Iran
73%
Named for its northern location in the ancient kingdom of Goguryeo North Korea
73%
In mythology, it derives from the ancient Hindu sage Ne Nepal
72%
The first word means "island," and the second word could mean "resplendent" Sri Lanka
69%
Its name includes the peninsula it's on, and its term for "states" United Arab Emirates
68%
The ruling dynasty + its peninsula Saudi Arabia
66%
Likely derived from the Persian name for people of the country, "gurğ" Georgia
63%
In Arabic folk, it means "fertile" Iraq
61%
It might relate to the Greek word for "copper" Cyprus
59%
Arabic for "fortress built near water" Kuwait
54%
All that is known is that it originated from the Bamar people Myanmar
52%
Its name may derive from a pre-Islamic tribe in Central Asia Tajikistan
52%
"God contends" Israel
45%
"Land of the Pure" Pakistan
45%
All that is known is that it derives from the term used for its inhabitants, "Catharrei" Qatar
41%
Arabic for "the two seas" Bahrain
38%
Literally translates to "land of the wanderers" Kazakhstan
37%
"Land of the Free" Thailand
36%
"Land of Fire" Azerbaijan
33%
The country's people + "south" Vietnam
29%
"To flow down" Jordan
28%
"Forty" + "tribes" is one theory Kyrgyzstan
27%
Named for a mountain meaning "white," due to its snow-capped peak Lebanon
27%
One possible meaning is "platform bay" Taiwan
26%
Loosely translates to "that's it!" Brunei
25%
Its name could mean "genuine man" Uzbekistan
19%
No matching quizzes found
Score Distribution
Percent of People with Each Score
Percentile by Number Answered
Your Score History
You have not taken this quiz